Colmillo blanco /
Guardado en:
| Autor Principal: | |
|---|---|
| Otros Autores: | |
| Formato: | Libro |
| Publicado: |
Navarra :
Anaya,
2000
|
| Materias: | |
| Etiquetas: |
Agregar Etiqueta
Sin Etiquetas, Sea el primero en etiquetar este registro!
|
| LEADER | 00665nam a22002295a 4500 | ||
|---|---|---|---|
| 001 | CEM.cems010571 | ||
| 005 | 20080508131017.0 | ||
| 008 | 130507s2000##################000#0#####d | ||
| 003 | CEMS | ||
| 020 | |a 8420712299 | ||
| 082 | 0 | 4 | |a 818.5 |
| 100 | 1 | |a London, Jack | |
| 245 | 1 | 0 | |a Colmillo blanco / |c Jack London ; traducido Por María Del Mar Hernández |
| 260 | |a Navarra : |b Anaya, |c 2000 | ||
| 300 | |a 280 p. | ||
| 653 | |a Literatura | ||
| 653 | |a Literatura norteamericana | ||
| 653 | |a Literatura eeuu | ||
| 653 | |a Novelas | ||
| 653 | |a Novela norteamericana | ||
| 700 | 1 | |a Hernández, María del Mar | |
| 859 | |a CEMS |b BIB. CEMS - 11 de abril |h 818.5 |i L836-1 |p 21102.01 |t Ej.1 | ||
